Das Jahr 1990 - Statistiken

Allgemein
  • Dieses Quiz wurde 37 mal gespielt
  • Das Durchschnittsergebnis liegt bei 8 aus 20
Antwortstatistiken
Nachricht Antwort % Korrekt
14. März: Michail Gorbatschow wird zum Präsidenten der __________ gewählt. Sowjetunion
94%
8. Juli: ___________ gewinnt die 14. Fußball-WM mit 1:0 gegen Argentinien. Deutschland
88%
31. Januar: In ______ wird das erste russische McDonald’s-Restaurant eröffnet. Moskau
88%
10. September: Die Basilika Notre-Dame de la Paix in Yamoussoukro, Elfenbeinküste, die größte christliche ______ der Welt, wird geweiht. Kirche
76%
2. Dezember: Bei der Bundestagswahl 1990, der ersten gesamtdeutschen, wird die Regierung von ______ ____ im Amt bestätigt. Helmut Kohl
67%
12. Oktober: ________ ________, deutscher Bundesminister des Innern, wird bei einem Schussattentat schwer verletzt. Wolfgang Schäuble
64%
2. August: Zweiter Golfkrieg: Irakische Truppen marschieren in ______ ein. Kuwait
58%
ab 11. Februar: Schwere Unruhen finden in _________, der Hauptstadt der Tadschikischen Sowjetrepublik, statt. Duschanbe
48%
13. Juni: Der endgültige Abriss der ________ _____ beginnt. Berliner Mauer
45%
11. März: _______ erklärt sich für unabhängig. Litauen
39%
6. November: Das 9. Zusatzprotokoll der Europäischen Menschenrechtskonvention, das jedem Bürger ermöglicht, sich persönlich an den Europäischen Gerichtshof für ____________ zu wenden, wird vorgelegt. Menschenrechte
39%
25. März: Erste demokratische Parlamentswahlen seit 1945 in ______. Ungarn
33%
17. Mai: Die Weltgesundheitsorganisation (WHO) streicht ______________ aus dem Diagnoseschlüssel der Krankheiten. Homosexualität
27%
23. April: _______ wird Mitglied bei den Vereinten Nationen. Namibia
12%
7. Januar: Der _______ ____ ___ ____ wird aus Sicherheitsgründen für Besucher gesperrt Schiefe Turm von Pisa
9%
9. November: _____ erhält eine demokratische Verfassung. Nepal
6%
6. Juni: _______ _______ wird – als erste der ausgestiegenen und mit neuer Identität in der DDR lebenden RAF-Terroristen – in Ost-Berlin festgenommen. Susanne Albrecht
6%
18. September: _____________ wird Mitglied bei den Vereinten Nationen. Liechtenstein
3%
21. Oktober: In einem Treibnetz wird – als sechstes Exemplar überhaupt – ein ______________ gefunden und – mit Sendern versehen – tags darauf wieder freigelassen Riesenmaulhai
3%
27. September: In Berlin vereinigen sich die west- und ostdeutschen ________________. Sozialdemokraten
3%
Keine übereinstimmenden Quizze gefunden
Verteilung der Resultate
Anzahl Personen mit jedem Resultat
Perzentil nach korrekt beantworteten Fragen
Ihre Resultats-Entwicklung
Sie haben dieses Quiz noch nicht gespielt